| 000 | 00767nas a2200265 4500 | ||
|---|---|---|---|
| 001 | BR9601349 | ||
| 003 | BR-BrBNA | ||
| 005 | 20231205094659.0 | ||
| 007 | ta | ||
| 008 | 230509b bl.|||p| |||| 00| 00por d | ||
| 040 |
_aBR-BrBNA _bpor _cBiblioteca Nacional de Agricultura |
||
| 041 | _a(Pt) | ||
| 072 | _aF02 | ||
| 100 | 1 | _aSoprano, E. | |
| 100 | 1 | _aKoller, O.L. | |
| 245 | 1 | _aSubstratos para a producao de mudas citricas em recipientes plasticos | |
| 650 | _aLimao Cravo | ||
| 650 | _aPorta Enxerto | ||
| 650 | _aCama de Galinheiro | ||
| 650 | _aTurfa | ||
| 650 | _aEsterco de Gado | ||
| 773 | 0 |
_tRevista Brasileira de Fruticultura (Brazil) _x _g(1991), v. 13(4) p. 81-86 _wBR9601349 |
|
| 909 |
_a202311 _bLúcia _c55 _dLúcia Elande |
||
| 942 |
_2AGRIS _n0 _cANA |
||
| 999 |
_c146103 _d146103 |
||